[Event "Mar del Plata 1st Cat RAM"]
[Site "Mar del Plata"]
[Date "2019.11.19"]
[Round "9"]
[White "Cuello Alcaria, Juan Ignacio"]
[Black "Yepleue, Angel Omar"]
[Result "0-1"]
[WhiteElo "1976"]
[BlackElo "2025"]
[PlyCount "79"]
[EventDate "2019.11.05"]
[EventType "tourn"]
[EventRounds "13"]
[EventCountry "ARG"]
[SourceTitle "EXT 2021"]
[Source "ChessBase"]
[SourceDate "2020.10.23"]
[SourceVersion "1"]
[SourceVersionDate "2020.10.23"]
[SourceQuality "1"]

1. d4 d5 2. Nf3 Nf6 3. b3 e6 4. Bb2 b6 5. e3 Bb7 6. Bd3 Bd6 7. 0-0 0-0 8. Nbd2 Nbd7 9. Qe2 Re8 10. Ne5 a6 11. f4 Ne4 12. Rf3 f6 13. Ng4 b5 14. Rh3 Qe7 15. c4 bxc4 16. bxc4 c5 17. cxd5 exd5 18. Nxe4 dxe4 19. Bc4+ Kh8 20. Rd1 Nb6 21. Bb3 c4 22. Bxc4 Nxc4 23. Qxc4 Rec8 24. Qe2 Bd5 25. Nf2 Qf7 26. a3 Rab8 27. g4 Qb7 28. Bc1 Bb3 29. Re1 Rc2 30. Qf1 Rbc8 31. g5 f5 32. g6 h6 33. Rh5 Be6 34. Rd1 Bc4 35. Qh3 Be2 36. Rxh6+ gxh6 37. Qxh6+ Kg8 38. Nh3 Bxd1 39. Ng5 Qg7 40. Qh4 0-1

[Event "Mar del Plata 1st Cat RAM"]
[Site "Mar del Plata"]
[Date "2019.11.14"]
[Round "6"]
[White "Cirianni, Alejandro"]
[Black "Yepleue, Angel Omar"]
[Result "1-0"]
[WhiteElo "2062"]
[BlackElo "2025"]
[PlyCount "47"]
[EventDate "2019.11.05"]
[EventType "tourn"]
[EventRounds "13"]
[EventCountry "ARG"]
[SourceTitle "EXT 2021"]
[Source "ChessBase"]
[SourceDate "2020.10.23"]
[SourceVersion "1"]
[SourceVersionDate "2020.10.23"]
[SourceQuality "1"]

1. d4 d5 2. c4 c6 3. Nf3 Nf6 4. Nc3 e6 5. e3 Nbd7 6. Qc2 Bd6 7. Bd3 dxc4 8. Bxc4 b5 9. Be2 Bb7 10. 0-0 0-0 11. Rd1 Qe7 12. e4 e5 13. dxe5 Nxe5 14. Nd4 Neg4 15. h3 Nxf2 16. Kxf2 b4 17. Nf5 Bc5+ 18. Kf3 Qc7 19. Na4 Nxe4 20. Qxe4 Rfe8 21. Qg4 Bf8 22. Bf4 c5+ 23. Kg3 Qa5 24. Bc4 1-0

[Event "Valeria del Mar op"]
[Site "Valeria del Mar"]
[Date "2019.09.08"]
[Round "5.1"]
[White "Hobaica, Juan Pablo"]
[Black "Yepleue, Angel Omar"]
[Result "1-0"]
[WhiteElo "2395"]
[BlackElo "2016"]
[PlyCount "54"]
[EventDate "2019.09.06"]
[EventType "swiss"]
[EventRounds "6"]
[EventCountry "ARG"]
[SourceTitle "EXT 2024"]
[Source "ChessBase"]
[SourceDate "2023.10.10"]
[SourceVersion "1"]
[SourceVersionDate "2023.10.10"]
[SourceQuality "1"]

1. e4 c5 2. Nf3 d6 3. d4 cxd4 4. Nxd4 Nf6 5. Nc3 a6 6. Bc4 e6 7. Bb3 Be7 8. f4 Qc7 9. f5 e5 10. Nde2 Nbd7 11. Bg5 h6 12. Bxf6 Nxf6 13. Ng3 h5 14. Qd3 Bd7 15. Nf1 Bc6 16. Ne3 Rc8 17. 0-0-0 b5 18. Kb1 b4 19. Ncd5 Bxd5 20. Nxd5 Nxd5 21. Qxd5 0-0 22. g4 a5 23. gxh5 Qa7 24. Qd2 d5 25. Bxd5 Kh7 26. Rhg1 a4 27. Qxb4 Bf6 1-0

[Event "Marplatense Elo op"]
[Site "Argentina"]
[Date "2018.10.12"]
[Round "3"]
[White "Monte, Luciano"]
[Black "Yepleue, Angel Omar"]
[Result "0-1"]
[WhiteElo "1532"]
[BlackElo "1880"]
[PlyCount "130"]
[EventDate "2018.10.08"]
[EventType "swiss"]
[EventRounds "9"]
[EventCountry "ARG"]
[SourceTitle "CBM 187 Extra"]
[Source "ChessBase"]
[SourceDate "2018.11.04"]
[SourceVersion "1"]
[SourceVersionDate "2018.11.04"]
[SourceQuality "1"]

1. e4 d6 2. Bc4 Nf6 3. Nc3 e5 4. Nf3 Be7 5. 0-0 0-0 6. d4 Nxe4 7. Nxe4 d5 8. Bxd5 Qxd5 9. Nc3 Qa5 10. Nxe5 f6 11. Nf3 Bg4 12. Qd3 Bd6 13. Ne4 Be7 14. Qb3+ Kh8 15. Qxb7 Nd7 16. Qb3 Rab8 17. Qe3 f5 18. Neg5 Bxg5 19. Nxg5 f4 20. Qe7 Rbe8 21. Nf7+ Kg8 22. Qg5 Qxg5 23. Nxg5 h6 24. Nf3 Bxf3 25. gxf3 Re2 26. c3 g5 27. Rd1 Rfe8 28. Bd2 Kf7 29. c4 Nf8 30. Bc3 Ng6 31. Re1 Nh4 32. Rxe2 Rxe2 33. Kf1 Re8 34. Rd1 Nxf3 35. Kg2 Nh4+ 36. Kf1 g4 37. Rd3 Nf3 38. Kg2 Re1 39. Rxf3 gxf3+ 40. Kxf3 Rh1 41. Kg2 Ra1 42. a3 Ke6 43. Kf3 Kf5 44. Bd2 Rb1 45. Bc3 c6 46. d5 cxd5 47. c5 Ke6 48. Kxf4 Rh1 49. Kg3 Rd1 50. Kf3 h5 51. Ke2 Rh1 52. c6 Rxh2 53. Be5 Rh4 54. f4 Rg4 55. Kf3 Rg8 56. b4 h4 57. c7 h3 58. c8Q+ Rxc8 59. Kg3 Rc4 60. Kxh3 Re4 61. Kg4 Rxe5 62. fxe5 Kxe5 63. Kf3 Kd4 64. Ke2 Kc3 65. Kd1 Kb3 0-1